[Event "2022 WA Reserves Championship"]
[Site "Leeming, Perth WA"]
[Date "2022.07.03"]
[Round "7"]
[White "Wu, Kobe"]
[Black "Koh, Shannon"]
[Result "0-1"]
[WhiteElo "655"]
[BlackElo "1800"]
[EventDate "2022.05.15"]

1.e4 c5 2.Nc3 Nc6 3.Nf3 g6 4.Bc4 Bg7 5.d3 a6 6.a4 e6 7.Be3 b6 8.O-O Nge7 
9.d4 cxd4 10.Nxd4 O-O 11.Nxc6 Nxc6 12.Re1 Bb7 13.f3 Qc7 14.Ne2 Rfd8 15.Qc1
Nb4 16.c3 Qxc4 17.cxb4 Qxb4 18.Bd2 Qd6 19.Rd1 Rac8 20.Bc3 Qe7 21.Qb1 d5 
22.Nd4 dxe4 23.fxe4 Qc5 24.b4 Qxc3 25.Nc2 Rxd1+ 26.Qxd1 Qxc2 27.Qxc2 Rxc2 
28.Re1 Bd4+ 29.Kh1 f5 30.a5 Bxe4 31.h3 Bxg2+ 32.Kh2 Be4+ 33.Kg3 Rg2+ 34.
Kh4 Bf6# 0-1

[Event "2022 WA Reserves Championship"]
[Site "Leeming, Perth WA"]
[Date "2022.07.03"]
[Round "7"]
[White "Milovanovic, Stevica"]
[Black "Sheridan, Wallace"]
[Result "1/2-1/2"]
[WhiteElo "1497"]
[BlackElo "1663"]
[EventDate "2022.05.15"]

1.e4 d6 2.d4 Nf6 3.Nc3 e5 4.dxe5 dxe5 5.Qxd8+ Kxd8 6.Bg5 Be6 7.O-O-O+ Nd7 
8.Nf3 Kc8 9.Bh4 Bb4 10.Nd5 Nxd5 11.exd5 Bf5 12.Bb5 f6 13.Nd2 Nb6 14.c3 a6 
15.Be2 Bd6 16.g4 Bg6 17.Bf3 Bf7 18.Ne4 Be7 19.d6 cxd6 20.Nxd6+ Bxd6 21.
Rxd6 Kc7 22.Rhd1 Bxa2 23.Be4 h6 24.f3 Rhd8 25.Rxd8 Rxd8 26.Rxd8 Kxd8 27.
Bxb7 Bc4 28.Bf2 Nd5 29.Kd2 Kc7 30.Bxd5 Bxd5 31.Ke3 Kd6 32.b4 g6 33.h4 f5 
34.g5 hxg5 35.hxg5 Bc4 36.f4 Kd5 37.fxe5 Kxe5 38.Bg3+ Kd5 39.Bf4 Bb3 
1/2-1/2

[Event "2022 WA Reserves Championship"]
[Site "Leeming, Perth WA"]
[Date "2022.07.03"]
[Round "7"]
[White "Gao, Oscar"]
[Black "Chen, Angus"]
[Result "1-0"]
[WhiteElo "2017"]
[BlackElo "1498"]
[EventDate "2022.05.15"]

1.e4 d5 2.exd5 Qxd5 3.Nc3 Qa5 4.d4 Nf6 5.Nf3 c6 6.Bc4 Bf5 7.Bd2 e6 8.Qe2 
Bg4 9.d5 Bxf3 10.gxf3 cxd5 11.Nxd5 Qd8 12.Nxf6+ gxf6 13.O-O-O Qc7 14.f4 
Nd7 15.f5 e5 16.Bb5 O-O-O 17.Bc3 Bc5 18.Bc4 Nb6 19.Bb3 Rhg8 20.Qh5 Rg7 21.
Rxd8+ Qxd8 22.Bxf7 Bxf2 23.Be6+ Kb8 24.Qf3 Bc5 25.Rd1 Qc7 26.Qh5 Qe7 27.
Qf3 Na4 28.Rd7 Qxd7 29.Bxd7 Rxd7 30.Bd2 Nxb2 31.Qb3 Bd4 32.c3 Nd3+ 33.Kc2 
Bb6 34.Qe6 Nc5 35.Qg8+ Kc7 36.Be3 a6 37.Qf8 Rd6 38.Qe7+ Kc6 39.Qxh7 Nd3 
40.Bxb6 Kxb6 41.h4 e4 42.Qe7 Rc6 43.Qxe4 Ne5 44.h5 Rc4 45.Qe3+ Kc7 46.h6 
Rh4 47.Qg3 Rh1 48.Qg7+ Kb8 49.h7 Rh2+ 50.Kb3 Nc6 51.h8=Q+ Rxh8 52.Qxh8+ 
1-0

[Event "2022 WA Reserves Championship"]
[Site "Leeming, Perth WA"]
[Date "2022.07.03"]
[Round "7"]
[White "Ramnat Umasankar, Naveen"]
[Black "Patel, Jeel"]
[Result "0-1"]
[WhiteElo "1618"]
[BlackElo "1515"]
[EventDate "2022.05.15"]

1.e4 e5 2.Nf3 Nc6 3.Bb5 a6 4.Ba4 Nf6 5.O-O b5 6.Bb3 Bc5 7.d3 h6 8.c3 Bb6 
9.Re1 d6 10.h3 O-O 11.Nbd2 Bb7 12.Nf1 d5 13.exd5 Nxd5 14.Nxe5 Nxe5 15.Rxe5
Bxf2+ 16.Kh1 Re8 17.Qe2 Rxe5 18.Qxe5 Qd7 19.Qh2 Re8 20.Bd2 Re2 21.Bd1 Re6 
( 21...Nf4 $3 $21 22.Bxe2 ( 22.Bxf4 Re1 23.Be2 Rxa1 ) 22...Nxg2 $1 23.Ng3 
( 23.Qe5 Qxh3+ 24.Qh2 Ne3+ ) 23...Nf4+ 24.Ne4 Nxe2 25.Qxf2 Qxh3+ 26.Qh2 
Qxd3 ) 22.Bg4 Qe7 23.Bxe6 Qxe6 24.Ng3 f5 25.Rf1 Be3 26.Re1 f4 27.Bxe3 fxe3
28.Ne4 Qf7 29.Qg3 e2 30.Qf2 ( 30.Kh2 $20 Nf4 ( 30...Qf1 31.Qf2 ) 31.Qf3 ) 
30...Qxf2 31.Nxf2 Nf4 32.Ne4 ( 32.Kg1 Bxg2 33.Rxe2 Nxe2+ 34.Kxg2 $10 ) 
32...Nxd3 $19 33.Rxe2 Bxe4 34.Kh2 Bh7 35.Re7 Nxb2 36.Rxc7 Bd3 37.Ra7 Bc4 
38.Rxa6 Na4 39.Ra7 Bxa2 40.Rc7 Bc4 41.Kg3 Nxc3 42.Kf3 Nd5 43.Rb7 Nc3 44.
Ke3 Nd1+ 45.Kd2 Nb2 46.Kc3 Nd3 47.Rd7 Kh7 48.Rxd3 Bxd3 49.Kxd3 Kg6 50.Kc3 
Kg5 51.Kb4 Kf4 52.Kxb5 Kg3 53.Kc5 Kxg2 0-1

[Event "2022 WA Reserves Championship"]
[Site "Leeming, Perth WA"]
[Date "2022.07.03"]
[Round "7"]
[White "Barry, David"]
[Black "Clarke, Daniel"]
[Result "1/2-1/2"]
[WhiteElo "1820"]
[BlackElo "1739"]
[EventDate "2022.05.15"]

1.e4 e5 2.Nf3 Nc6 3.Bb5 a6 4.Ba4 Nf6 5.O-O Nxe4 6.d4 b5 7.Bb3 d5 8.dxe5 
Be6 9.c3 Bc5 10.Nbd2 O-O 11.Qe2 Bf5 12.Nxe4 dxe4 13.Ng5 Nxe5 14.Nxe4 Bb6 
15.Ng3 Qf6 16.Nxf5 Qxf5 17.Bc2 Qf6 18.Be3 Bxe3 19.Qxe3 Rfe8 20.Rfe1 Re7 
21.Qe4 Ree8 22.Qxh7+ Kf8 23.Qh8+ Ke7 24.Qh5 Kf8 25.Re2 g6 26.Qh6+ Kg8 27.
Rae1 Re7 28.Qh3 Rae8 29.Kf1 Kg7 30.Qg3 Nc4 31.Rxe7 Rxe7 32.Rxe7 Qxe7 33.
Qd3 1/2-1/2

[Event "2022 WA Reserves Championship"]
[Site "Leeming, Perth WA"]
[Date "2022.07.03"]
[Round "7"]
[White "Roebuck, Derek"]
[Black "Gough, Dylan"]
[Result "0-1"]
[WhiteElo "1769"]
[BlackElo "1670"]
[EventDate "2022.05.15"]

1.e4 e5 2.Bc4 Bc5 3.Nc3 Nf6 4.d3 h6 5.f4 d6 6.Nf3 Nc6 7.Na4 Bb6 8.Nxb6 
axb6 9.O-O Qe7 10.fxe5 dxe5 11.c3 O-O 12.b4 Be6 13.Bxe6 Qxe6 14.Qe2 Rfe8 
15.Nh4 Ne7 16.Qf3 Kh7 17.Nf5 Nxf5 18.Qxf5+ Qxf5 19.Rxf5 Rad8 20.Rf3 Re7 
21.Bb2 Red7 22.Rd1 Nxe4 23.Re3 Nf6 24.d4 exd4 25.Rxd4 Rxd4 26.cxd4 Nd5 27.
Rb3 Re8 28.Kf2 f5 29.a3 Nf6 30.Rd3 g5 31.h3 Kg6 32.d5 Ne4+ 33.Kf3 h5 34.g3
Nd6 35.Bc1 Re4 36.Re3 Rxe3+ 37.Kxe3 Ne4 38.Kf3 Nc3 39.Ke3 Nxd5+ 40.Kd4 Nf6
41.h4 Ne4 42.Ke5 g4 43.Bf4 c5 44.bxc5 Nxc5 45.Kd5 Kf6 46.Bc7 Ne4 47.Bd8+ 
Kf7 48.Bc7 Ke7 49.Bf4 Kf6 50.Be5+ Kg6 51.Bc7 Nc3+ 52.Ke6 b5 53.Kd6 Nb1 54.
Kc5 Nxa3 55.Kb4 Nc2+ 56.Kxb5 Kf6 57.Kc4 Ke6 58.Kd3 Ne1+ 59.Ke3 Nf3 60.Bb6 
Ne5 61.Kf4 Nd7 62.Bd4 Nf6 63.Kg5 Ne4+ 64.Kxh5 Nxg3+ 65.Kg5 Ne4+ 66.Kg6 Nd6
67.h5 Nf7 68.h6 g3 69.h7 f4 70.Kh5 f3 71.Kg4 f2 0-1

[Event "2022 WA Reserves Championship"]
[Site "Leeming, Perth WA"]
[Date "2022.07.03"]
[Round "7"]
[White "Ong, Celine"]
[Black "Deng, Eric"]
[Result "1-0"]
[WhiteElo "1738"]
[BlackElo "1603"]
[EventDate "2022.05.15"]

1.e4 e6 2.d4 d5 3.e5 c5 4.c3 Nc6 5.Nf3 Qb6 6.a3 cxd4 7.cxd4 Nge7 8.Nc3 Nf5
9.Na4 Qc7 10.Bf4 Bd7 11.Rc1 Be7 12.b4 a6 13.Bd3 Qd8 14.Nc5 Bxc5 15.dxc5 
Nfe7 16.Ng5 h6 17.Qh5 g6 18.Qh3 Qc7 19.O-O h5 20.Rfe1 Rf8 21.Nh7 Rh8 22.
Nf6+ Kd8 23.Qh4 Nd4 24.Bg5 Ndc6 25.a4 Kc8 26.b5 axb5 27.Bxb5 Nf5 28.Qf4 h4
29.Rcd1 Nfe7 30.Nxd7 Qxd7 31.Qxf7 Re8 32.Bxe7 Qxe7 33.Qxg6 Kc7 34.Qf6 Qxc5
35.Rc1 Qb4 36.Rb1 Qd4 37.Bxc6 bxc6 38.Qf7+ Kd8 39.Rb7 1-0

[Event "2022 WA Reserves Championship"]
[Site "Leeming, Perth WA"]
[Date "2022.07.03"]
[Round "7"]
[White "King, David"]
[Black "Cadag, Herbert"]
[Result "0-1"]
[WhiteElo "1840"]
[BlackElo "1759"]
[EventDate "2022.05.15"]

1.e4 Nf6 2.e5 Nd5 3.d4 d6 4.c4 Nb6 5.exd6 cxd6 6.Nc3 h6 7.Be3 N6d7 8.Nf3 
Nf6 9.h3 Bf5 10.Bd3 Bxd3 11.Qxd3 e6 12.O-O Nbd7 13.Rad1 g5 14.d5 e5 15.Nd2
b6 16.Qf5 Be7 17.g3 Nh5 18.Qf3 Ng7 19.g4 O-O 20.Nde4 f5 21.gxf5 Rxf5 22.
Qe2 Qf8 23.Ng3 Rf7 24.Nce4 Nf6 25.Nd2 Qc8 26.Kg2 Qd7 27.Rh1 Raf8 28.Rdf1 
Nf5 29.Nxf5 Qxf5 30.f3 Qg6 31.Kh2 e4 32.fxe4 Nxe4 33.Rxf7 Rxf7 34.Qd3 Rf3 
35.Nxf3 Qf5 36.Rf1 Bf6 37.Kg2 g4 38.Ng5 gxh3+ 39.Nxh3 Qg4+ 40.Kh2 Qg3+ 41.
Kh1 Qxh3+ 42.Kg1 Qg4+ 43.Kh1 Ng3+ 44.Kh2 Nxf1+ 45.Qxf1 Be5+ 46.Kh1 Qh4+ 
47.Kg2 Qg3+ 48.Kh1 Qh2# 0-1

[Event "2022 WA Reserves Championship"]
[Site "Leeming, Perth WA"]
[Date "2022.07.03"]
[Round "7"]
[White "Hernandez Mendez, Iker"]
[Black "Teh, Rui Gen"]
[Result "0-1"]
[WhiteElo "1785"]
[BlackElo "1675"]
[EventDate "2022.05.15"]

1.e4 d6 2.d4 Nf6 3.Nc3 g6 4.g3 Bg7 5.Bg2 O-O 6.Nge2 c6 7.h3 Nbd7 8.Be3 e5 
9.O-O Qe7 10.Qc1 Rd8 11.Bh6 Nf8 12.Bxg7 Kxg7 13.Qe3 b5 14.a3 Bb7 15.f4 a5 
16.f5 b4 17.Nd1 exd4 18.Qg5 h6 19.Qd2 c5 20.Nf2 N8d7 21.fxg6 fxg6 22.Qf4 
Rf8 23.Ng4 Nxg4 24.Qxg4 Nf6 25.Qf3 Bxe4 26.Qf2 Ng4 27.Qe1 Bxg2 28.Rxf8 
Rxf8 29.hxg4 Rf1+ 30.Qxf1 Bxf1 31.Kxf1 Qe4 32.axb4 Qf3+ 33.Kg1 Qxe2 34.
bxa5 Qa6 35.Kf2 Kf6 36.Ra3 Ke5 37.Ke1 Ke4 38.Kd2 c4 39.Ke1 d5 40.Kd2 Qf6 
41.a6 Qf2+ 42.Kd1 d3 43.cxd3+ cxd3 44.Rc3 Qe2+ 45.Kc1 Qe1# 0-1